000
00295nam a22001337a 4500
008
171218b xxu||||| |||| 00| 0 eng d
020
_a
9780323055543
041
_a
eng
080
_2
6TH
_a
61
100
_a
3
101
_a
SHM
245
_a
FAMILY MEDICINE REVIEW
_c
TALLIA,A,F
942
_2
udc
_c
BK
999
_c
39085
_d
39085